Central Library OPAC University of Rajshahi

India divided / (Record no. 26898)

MARC details
000 -LEADER
fixed length control field 00825nam a22002657a 4500
001 - CONTROL NUMBER
control field 26898
003 - CONTROL NUMBER IDENTIFIER
rucl marc code BD-RjUL
005 - DATE AND TIME OF LATEST TRANSACTION
control field 20211209051101.0
008 - FIXED-LENGTH DATA ELEMENTS--GENERAL INFORMATION
fixed length control field 140324s1946 ii b ab 001 0 eng
035 ## - SYSTEM CONTROL NUMBER
System control number (BD-RjUL)26969
040 ## - CATALOGING SOURCE
Original cataloging agency DLC
Transcribing agency DLC
Language of cataloging eng
Modifying agency BD-RjUL
041 ## - LANGUAGE CODE
Language code of text/sound track or separate title eng
082 ## - DEWEY DECIMAL CLASSIFICATION NUMBER
Classification number 954.03
Author mark and year PRI 1946
100 1# - MAIN ENTRY--PERSONAL NAME
Personal name Prasad, Rajendra.
Dates associated with a name 1884-1963.
9 (RLIN) 82673
245 10 - TITLE STATEMENT
Title India divided /
Statement of responsibility, etc. by Rajendra Prasad.
260 ## - PUBLICATION, DISTRIBUTION, ETC. (IMPRINT)
Place of publication, distribution, etc. Bombay :
Name of publisher, distributor, etc. Hind Kitabs,
Date of publication, distribution, etc. 1946.
300 ## - PHYSICAL DESCRIPTION
Pagination xii, 396, 9 p. :
Illustrations map ;
Size 24 cm.
504 ## - BIBLIOGRAPHY, ETC. NOTE
Bibliography, etc Includes bibliographical references and index.
651 #0 - SUBJECT ADDED ENTRY--GEOGRAPHIC NAME
Geographic name India
General subdivision Politics and government
Chronological subdivision 1919-1947.
9 (RLIN) 82674
830 #0 - SERIES ADDED ENTRY--UNIFORM TITLE
Volume number/sequential designation item 08546.
Uniform title SAMP early 20th-century Indian books project ;
942 ## - ADDED ENTRY ELEMENTS (KOHA)
Source of classification or shelving scheme Dewey Decimal Classification
Koha item type Books
Holdings
Lost status Source of classification or shelving scheme Damaged status Not for loan Collection code Permanent Location Current Location Shelving location Date acquired Source of acquisition Cost, normal purchase price Total Checkouts Full call number Date last seen Copy number Koha item type
  Dewey Decimal Classification   Added to bundle Non-fiction Central Library, University of Rajshahi Central Library, University of Rajshahi Reading Room 17/10/1963 pak law house. 25.00   954.03 PRI 1946 24/03/2014 C-1 Books
  Dewey Decimal Classification     Non-fiction Central Library, University of Rajshahi Central Library, University of Rajshahi   12/01/1962 orient Library ltd. 11.13   954.03 PRI 1946 24/03/2014 C-2 Books